| 000 | 00000nam##2200000za#4500 |
| 001 | 9.572124 |
| 003 | CaOODSP |
| 005 | 20231208112821 |
| 007 | cr ||||||||||| |
| 008 | 150406|2002||||xxc|||||o f|0| 0 eng|d |
| 040 | |aCaOODSP|beng |
| 043 | |an-cn--- |
| 086 | 1 |aPS83-6/28E-PDF |
| 110 | 1 |aCorrectional Service Canada. |bResearch Branch. |
| 245 | 10|aSelected annotated bibliography - restorative justice / |h[electronic resource]|c[by] Shelley Trevethan and Amey Bell. |
| 260 | |bCorrectional Service Canada. |cSeptember 2002. |
| 300 | |a63p. |
| 490 | 1 |aResearch brief|v[No. B-28] |
| 590 | |a11-28-Supp|b2011-11-17 |
| 720 | 1 |aTrevethan, Shelley |
| 720 | 1 |aBell, Amey |
| 775 | 08|tBibliographie sélective et annotée : justice réparatrice / |w(CaOODSP)9.602536 |
| 830 | #0|aResearch brief (Correctional Service Canada)|v[No. B-28]|w(CaOODSP)9.506656 |
| 856 | 40|ahttp://publications.gc.ca|qPDF|s157 KB|uhttps://publications.gc.ca/collections/collection_2011/scc-csc/PS83-6-28-eng.pdf|y[No. B-28] |